Elementary differential equations with applications / (Record no. 592456)
[ view plain ]
| 000 -LEADER | |
|---|---|
| fixed length control field | 01331nam a2200241 i 4500 |
| 001 - CONTROL NUMBER | |
| control field | 1271400 |
| 005 - DATE AND TIME OF LATEST TRANSACTION | |
| control field | 20221121141223.0 |
| 008 - FIXED-LENGTH DATA ELEMENTS--GENERAL INFORMATION | |
| fixed length control field | 760305s1976 maua 001 0 eng |
| 010 ## - LIBRARY OF CONGRESS CONTROL NUMBER | |
| LC control number | 75012094 |
| 040 ## - CATALOGING SOURCE | |
| Original cataloging agency | DLC |
| Transcribing agency | DLC |
| Modifying agency | DLC |
| 050 00 - LIBRARY OF CONGRESS CALL NUMBER | |
| Classification number | QA371 |
| Item number | .D43 |
| 082 00 - DEWEY DECIMAL CLASSIFICATION NUMBER | |
| Classification number | 515.35,DER |
| 100 1# - MAIN ENTRY--PERSONAL NAME | |
| Personal name | Derrick, William R. |
| 9 (RLIN) | 103285 |
| 245 10 - TITLE STATEMENT | |
| Title | Elementary differential equations with applications / |
| Statement of responsibility, etc. | William R. Derrick, Stanley I. Grossman. |
| 260 ## - PUBLICATION, DISTRIBUTION, ETC. | |
| Place of publication, distribution, etc. | Reading, Mass. : |
| Name of publisher, distributor, etc. | Addison-Wesley Pub. Co., |
| Date of publication, distribution, etc. | c1976. |
| 300 ## - PHYSICAL DESCRIPTION | |
| Extent | x, 537, [60] p. : |
| Other physical details | ill. ; |
| Dimensions | 24 cm. |
| 490 0# - SERIES STATEMENT | |
| Series statement | Addison-Wesley series in mathematics |
| 505 ## - FORMATTED CONTENTS NOTE | |
| Formatted contents note | Introduciton (Page-1), First Order equations (Page-20), Linear second order differential equations (Page-72), Linear Second order differntial equations (Page-128), Power series solutions of differential equations (Page-160), Laplace Transforms (Page-214), Elementary of Differential equations (Page-256), Numerical Method (Page-338), Fourier series and boundary value problems (Page-370), Partial differential equations (Page-424), The existence of solutions (Page-470), Nonliear equations and stability (Page-492). |
| 650 #0 - SUBJECT ADDED ENTRY--TOPICAL TERM | |
| Topical term or geographic name entry element | Differential equations. |
| 9 (RLIN) | 688 |
| 700 1# - ADDED ENTRY--PERSONAL NAME | |
| Personal name | Grossman, Stanley I., |
| Relator term | joint author. |
| 9 (RLIN) | 103020 |
| 906 ## - LOCAL DATA ELEMENT F, LDF (RLIN) | |
| a | 7 |
| b | cbc |
| c | orignew |
| d | 2 |
| e | ocip |
| f | 19 |
| g | y-gencatlg |
| 942 ## - ADDED ENTRY ELEMENTS (KOHA) | |
| Source of classification or shelving scheme | |
| Koha item type | Book |
| Call number prefix | 515.35,DER |
| Withdrawn status | Lost status | Source of classification or shelving scheme | Damaged status | Not for loan | Permanent Location | Current Location | Shelving location | Date acquired | Total Checkouts | Full call number | Barcode | Date last seen | Price effective from | Koha item type | Public note |
|---|---|---|---|---|---|---|---|---|---|---|---|---|---|---|---|
| Military College of Signals (MCS) | Military College of Signals (MCS) | General Stacks | 11/21/2022 | 515.35,DER | MCS7481 | 11/21/2022 | 11/21/2022 | Book | Almirah No.13, Shelf No.4 |
